Hà Tiên thập vịnh với thể tài thơ vịnh cảnh liên hoàn : Luận văn Thạc sĩ chuyên ngành Văn học Việt Nam

Gespeichert in:
Bibliographische Detailangaben
1. Verfasser: Trần, Hót Lái
Format: Buch
Sprache:Undetermined
Veröffentlicht: Cần Thơ Trường Đại học Cần Thơ 2014
Schlagworte:
Tags: Tag hinzufügen
Keine Tags, Fügen Sie den ersten Tag hinzu!
Thư viện lưu trữ: Trung tâm Học liệu Trường Đại học Cần Thơ
LEADER 00829nam a2200217Ia 4500
001 CTU_198119
008 210402s9999 xx 000 0 und d
082 |a 895.9221009 
082 |b L103 
088 |a 60220121 
100 |a Trần, Hót Lái 
245 0 |a Hà Tiên thập vịnh với thể tài thơ vịnh cảnh liên hoàn : 
245 0 |b Luận văn Thạc sĩ chuyên ngành Văn học Việt Nam 
245 0 |c Trần Hót Lái ; Đoàn Lê Giang ( Hướng dẫn khoa học ) 
260 |a Cần Thơ 
260 |b Trường Đại học Cần Thơ 
260 |c 2014 
650 |a Thơ Việt Nam,Vietnamese poetry 
650 |x Lịch sử và phê bình,History and criticism 
910 |a Hải 
980 |a Trung tâm Học liệu Trường Đại học Cần Thơ